00337nam a2200133Ia 4500003000400000008004100004020002400045040000800069100001900077245005000096260003000146300001500176365001200191LDD181029s9999 xx 000 0 und d a041594709XcP 21.99 cLDD aStryker, Susan 4aThe transgender Studies ReadercSusan Stryker aNew YorkbRoutledgec2006 axvi, 752p. bP 21.99